| 000 | 00590nam a22001937a 4500 | ||
|---|---|---|---|
| 003 | LK-CoMWRAF | ||
| 005 | 20240319153139.0 | ||
| 008 | 240319b2021 |||||||| |||| 00| 0 eng d | ||
| 020 | _a9786245914104 | ||
| 040 |
_aLK-CoMWRAF _dLK-CoMWRAF _eLK-CoMWRAF |
||
| 041 | _aeng | ||
| 082 |
_a361.76 _bCEN |
||
| 245 |
_aCPA@25: _breform and reconciliation |
||
| 260 |
_aColombo: _bCentre for Policy Alternatives, _c2021 |
||
| 300 | _a219 p. ill. | ||
| 650 | _aNON-PROFIT ORGANIZATIONS-Sri Lanka | ||
| 856 | _uhttps://www.cpalanka.org/wp-content/uploads/2021/12/CPA-at-25_English.pdf | ||
| 942 | _cBK | ||
| 999 |
_c4868 _d4868 |
||